CAEE '95 : Proceedings of the 3rd international conference on computer aided engineering education : Konf. Bratislava, SR, 13.- 15. Sept.1995 /

Gespeichert in:
Bibliographische Detailangaben
Weitere Verfasser: Breza, Juraj, 1951- (Zusammenstellung)
Format: Buch
Sprache:Englisch
Veröffentlicht: Bratislava : STU v Bratislave, 1995
Ausgabe:1.vyd.
Schlagworte:
Tags: Tag hinzufügen
Keine Tags, Fügen Sie das erste Tag hinzu!

MARC

LEADER 00000nam a22000003a 4500
001 stu8017
005 20150617225806.2
008 950926s1995----xo------------------eng-d
040 |a STU  |b slo 
041 0 |a eng 
044 |a xo 
080 |a 371.64/.69  |7 stu_us_auth*stu10109 
080 |a 621 
080 |a 061.3(08) 
084 |a C7110  |2 INS 
084 |a D2030  |2 INS 
084 |a B0120  |2 INS 
100 1 |a Breza, Juraj,  |d 1951-  |4 com  |u E030  |U FEI Fakulta elektrotechniky a informatiky  |T FEI Ústav elektroniky a fotoniky  |X 1987  |U E030  |Y 549  |7 A000001987 
245 1 |a CAEE '95 :  |b Proceedings of the 3rd international conference on computer aided engineering education : Konf. Bratislava, SR, 13.- 15. Sept.1995 /  |c Edit.: Breza,Juraj a kol 
250 |a 1.vyd. 
260 |a Bratislava :  |b STU v Bratislave,  |c 1995 
300 |a 386 s 
650 7 |a didaktická technika  |2 stusub 
650 7 |a automatizácia vyučovania  |2 stusub 
650 7 |a inžinierske štúdium  |2 stusub 
650 7 |a počítačová podpora vyučovania  |2 stusub 
650 7 |a multimédiá  |2 stusub 
996 |c I*Z9942  |l I  |s A  |a 24  |w stu8017_0002 
996 |c I*Z9943  |l I  |s A  |a 24  |w stu8017_0004